000 00419nam a2200181Ia 4500
001 337
005 20260306140510.0
008 260306t2009||||xx |||||||||||||| ||spa||
041 _aESP
082 _a101
_bM58
100 _aMillán Puelles, Antonio
_eAUT
245 0 _aFundamentos de filosofía
260 _c2009
300 _a670 páginas :
_c20 cm.
650 _aGEN
654 _aCHU
942 _cLIB
_dJUS
_fJUS
_2ddc
_n
999 _c337
_d337